000 00551nam a2200157 4500
001 126636
003 ES-MaACL
005 20230906192843.0
007 t|
008 070214s1917 ag r ||||1| spa d
100 1 _aReventlow, Ernst Zu.
_996404
245 1 3 _aEl vampiro del continente
_b: la política británica : sus móviles, recursos y efectos /
_cErnst Zu Reventlow ; versión española... de la Vª edición.
260 _aBuenos Aires :
_bUnión de Libreros Alemanes,
_c1917.
300 _aIV, 239 p. ;
_c23 cm.
852 _aES-MaACL
_jG-6099
999 _c126636
_d126636